000 00603cam a2200193 4500500
005 20260405003826.0
041 _afre
042 _adc
100 1 0 _aMoreau, Anne-Sophie
_eauthor
245 0 0 _a“Remigration” : un vieux démon identitaire ?
260 _c2024.
500 _a22
690 _aAllemagne
690 _aExtrême droite
690 _aGrand remplacement
690 _aImmigrés
786 0 _nPhilosophie magazine | 177 | 3 | 2024-03-01 | p. 12-13 | 1951-1787
856 4 1 _uhttps://shs.cairn.info/magazine-philosophie-magazine-2024-3-page-12?lang=fr&redirect-ssocas=7080
999 _c2071194
_d2071194